[Event "Benidorm 2013 - Torneo sub2000"]
[Site "Benidorm ESP"]
[Date "2013.12.03"]
[Round "6.7"]
[White "Botelho, Luis Miguel Rodrigu"]
[Black "Westerweele, Henrik"]
[Result "0-1"]
[WhiteElo "1996"]
[BlackElo "1948"]
[PlyCount "142"]
[EventDate "2013.11.29"]
[EventRounds "10"]
[EventCountry "ESP"]
[Source "lmi"]
[SourceDate "2013.11.29"]

1. e4 e6 2. d4 d5 3. Nc3 Bb4 4. e5 Ne7 5. Bd2 b6 6. Nf3 Ba6 7. Ne2 Bxd2+ 8.
Qxd2 Nd7 9. c3 c5 10. b4 cxb4 11. cxb4 Rc8 12. h4 Bxe2 13. Bxe2 Qc7 14. Ba6 Qc3
15. Qxc3 Rxc3 16. Kd2 Ra3 17. Bd3 a5 18. b5 O-O 19. Rhc1 Ng6 20. Rc7 Rd8 21.
Rac1 Rxa2+ 22. Ke3 Ngf8 23. Nd2 Ra8 24. f4 a4 25. R7c3 a3 26. Rb3 Rb2 27. Ra1
Rxb3 28. Nxb3 Ra7 29. Kd2 f6 30. Nc1 fxe5 31. fxe5 Kf7 32. Na2 Ra4 33. Kc3 Ng6
34. g3 Ne7 35. Nb4 g6 36. Kb3 Ra8 37. Na6 Nf5 38. Bxf5 gxf5 39. Rxa3 Rg8 40.
Kb4 Rg4 41. Kc3 Rxg3+ 42. Kb2 Rxa3 43. Kxa3 f4 44. Nb4 f3 45. Nd3 Kg6 46. Kb3
Kf5 47. Kc3 Kg4 48. Kd2 Kxh4 49. Ke1 Kg3 50. Kf1 h5 51. Nf2 h4 52. Nh1+ Kf4 53.
Nf2 Ke3 54. Nh3 Kxd4 55. Ng5 Ke3 56. Nh3 d4 57. Nf2 Nxe5 58. Nd1+ Kf4 59. Nf2
d3 60. Nh3+ Ke3 61. Nf2 Kd2 62. Ne4+ Kc2 63. Ke1 h3 64. Kf1 d2 65. Nf2 d1=Q+
66. Nxd1 Kxd1 67. Kg1 Ke2 68. Kh1 f2 69. Kh2 f1=Q 70. Kg3 Qf3+ 71. Kh2 Qg2# 0-1

[Event "Benidorm 2013 - Torneo sub2000"]
[Site "Benidorm ESP"]
[Date "2013.12.03"]
[Round "6.8"]
[White "Ingunza Lopez, Txema"]
[Black "Izagirre Alsua, Aritz"]
[Result "0-1"]
[WhiteElo "1993"]
[BlackElo "1947"]
[PlyCount "122"]
[EventDate "2013.11.29"]
[EventRounds "10"]
[EventCountry "ESP"]
[Source "lmi"]
[SourceDate "2013.11.29"]

1. e4 c5 2. Nf3 d6 3. d4 cxd4 4. Nxd4 Nf6 5. Nc3 a6 6. Be3 e5 7. Nb3 Be6 8. Qd2
Nbd7 9. f3 b5 10. g4 Nb6 11. g5 Nfd7 12. O-O-O Be7 13. h4 Nc4 14. Qf2 Qc7 15.
Kb1 Nxe3 16. Qxe3 Rc8 17. Qf2 Nb6 18. Bh3 b4 19. Nd5 Nxd5 20. exd5 Bxh3 21.
Rxh3 a5 22. f4 a4 23. Nc1 exf4 24. Nd3 b3 25. cxb3 axb3 26. axb3 O-O 27. Nxf4
Ra8 28. Rc3 Qa5 29. Qd4 Qa7 30. Qxa7 Rxa7 31. Rdc1 h6 32. gxh6 g6 33. Rc8 Rxc8
34. Rxc8+ Kh7 35. Rc4 Kxh6 36. Kc2 Bf6 37. b4 Rb7 38. Ng2 Rb5 39. Ne3 Kh5 40.
Ng2 Be5 41. Ne3 f5 42. Kb3 f4 43. Ka4 Rb8 44. Nf1 Kxh4 45. b5 g5 46. Ka5 Bxb2
47. b6 Be5 48. Ka6 g4 49. Ka7 Rxb6 50. Kxb6 Kh3 51. Kc6 g3 52. Nd2 Kg4 53. Rb4
g2 54. Rb1 f3 55. Nxf3 Kxf3 56. Kb5 Bh2 57. Kc6 Be5 58. Rc1 Kf2 59. Rc2+ Kg1
60. Rc1+ Kh2 61. Rc2 Kh1 0-1

[Event "Benidorm 2013 - Torneo sub2000"]
[Site "Benidorm ESP"]
[Date "2013.12.03"]
[Round "6.9"]
[White "Rodriguez Marcos, Jose R"]
[Black "Castrillo Mansego, Pablo"]
[Result "0-1"]
[WhiteElo "1985"]
[BlackElo "1940"]
[PlyCount "68"]
[EventDate "2013.11.29"]
[EventRounds "10"]
[EventCountry "ESP"]
[Source "lmi"]
[SourceDate "2013.11.29"]

1. d4 Nf6 2. c4 e6 3. Nc3 d5 4. Nf3 c6 5. e3 Bd6 6. Bd3 Nbd7 7. O-O O-O 8. Qc2
dxc4 9. Bxc4 b5 10. Bd3 Bb7 11. e4 e5 12. Bg5 Qc7 13. Rac1 a6 14. Ne2 Rac8 15.
dxe5 Bxe5 16. Nxe5 Nxe5 17. Bxf6 gxf6 18. Ng3 Kh8 19. Be2 c5 20. f4 Ng6 21. Qc3
Qb6 22. Nh5 Rc6 23. e5 f5 24. Qh3 Rg8 25. Bf3 Re6 26. Bxb7 Qxb7 27. Nf6 Rxf6
28. exf6 Qe4 29. Rce1 Nxf4 30. Rxe4 Nxh3+ 31. Kh1 fxe4 32. gxh3 Rg6 33. Re1
Rxf6 34. Rxe4 Rf2 0-1

[Event "Benidorm 2013 - Torneo sub2000"]
[Site "Benidorm ESP"]
[Date "2013.12.03"]
[Round "6.10"]
[White "Blesa Fernandez, Francisco"]
[Black "Castrillon Otero, Javier"]
[Result "1-0"]
[WhiteElo "1978"]
[BlackElo "1929"]
[PlyCount "73"]
[EventDate "2013.11.29"]
[EventRounds "10"]
[EventCountry "ESP"]
[Source "lmi"]
[SourceDate "2013.11.29"]

1. d4 d5 2. c4 c6 3. Nf3 Nf6 4. Nc3 a6 5. e3 b5 6. b3 Bg4 7. Be2 Nbd7 8. O-O e6
9. Bb2 Bd6 10. Qc2 O-O 11. e4 b4 12. e5 bxc3 13. Bxc3 Bb8 14. exf6 Qxf6 15. Qc1
Bf4 16. Bd2 Bxd2 17. Qxd2 dxc4 18. bxc4 Rfd8 19. h3 Bh5 20. Qe3 Rab8 21. Rab1
Bg6 22. Rxb8 Rxb8 23. Ne5 Nxe5 24. dxe5 Qe7 25. Rd1 f5 26. Rd6 Rb1+ 27. Kh2 Rb2
28. c5 f4 29. Qf3 Qg5 30. Qxc6 Qxe5 31. Rxe6 Qb8 32. Bf3 Rxf2 33. Re7 Qf8 34.
Qe6+ Kh8 35. c6 Rc2 36. c7 h6 37. Qxg6 1-0

[Event "Benidorm 2013 - Torneo sub2000"]
[Site "Benidorm ESP"]
[Date "2013.12.03"]
[Round "6.11"]
[White "Perez Guerra, Alberto"]
[Black "Rincon Carrillo, Ricardo"]
[Result "0-1"]
[WhiteElo "1921"]
[BlackElo "1966"]
[PlyCount "54"]
[EventDate "2013.11.29"]
[EventRounds "10"]
[EventCountry "ESP"]
[Source "lmi"]
[SourceDate "2013.11.29"]

1. e4 b6 2. d4 Bb7 3. Bd3 e6 4. Qe2 Nc6 5. c3 e5 6. d5 Nce7 7. Nh3 Ng6 8. O-O
Nf6 9. f4 Bc5+ 10. Kh1 a5 11. b3 exf4 12. Nxf4 Ne5 13. Bb2 Nfg4 14. g3 h5 15.
h4 g5 16. Ng2 Qe7 17. c4 O-O-O 18. Bc2 Kb8 19. Nd2 Rhg8 20. Nf3 gxh4 21. Nfxh4
d6 22. Nf5 Qg5 23. Bc1 Qf6 24. Rb1 Bc8 25. a3 Bxf5 26. Rxf5 Qg7 27. Nh4 Nf2+
0-1

[Event "Benidorm 2013 - Torneo sub2000"]
[Site "Benidorm ESP"]
[Date "2013.12.03"]
[Round "6.12"]
[White "Marti Blanes, Jose Manuel"]
[Black "Blondel, Jerome"]
[Result "0-1"]
[WhiteElo "1962"]
[BlackElo "1924"]
[PlyCount "80"]
[EventDate "2013.11.29"]
[EventRounds "10"]
[EventCountry "ESP"]
[Source "lmi"]
[SourceDate "2013.11.29"]

1. d4 d5 2. c4 dxc4 3. Nf3 Nf6 4. e3 e6 5. Bxc4 c5 6. Nc3 a6 7. a4 Nc6 8. O-O
Be7 9. Bb3 O-O 10. Re1 Qb6 11. d5 exd5 12. Nxd5 Nxd5 13. Bxd5 Nb4 14. Bc4 Rd8
15. Qb3 Be6 16. Bxe6 Qxe6 17. Qxe6 fxe6 18. Rf1 Bf6 19. e4 Nd3 20. Rb1 c4 21.
Bg5 Bxg5 22. Nxg5 Nc5 23. Rbc1 b5 24. a5 h6 25. Nf3 Nxe4 26. Ne5 Rd2 27. Rfe1
Nxf2 28. Nf3 Rxb2 29. Rxe6 Nd3 30. Rd1 Rxg2+ 31. Kxg2 Nf4+ 32. Kg3 Nxe6 33. Rd6
Nc5 34. Kg4 Rc8 35. Nd4 b4 36. Nc6 Rxc6 37. Rxc6 b3 38. Rb6 c3 39. Kf5 Kf7 40.
h4 c2 0-1

[Event "Benidorm 2013 - Torneo sub2000"]
[Site "Benidorm ESP"]
[Date "2013.12.03"]
[Round "6.13"]
[White "Franco Arroyo, Fernando"]
[Black "Moya Mallafre, Erik"]
[Result "0-1"]
[WhiteElo "1910"]
[BlackElo "1959"]
[PlyCount "90"]
[EventDate "2013.11.29"]
[EventRounds "10"]
[EventCountry "ESP"]
[Source "lmi"]
[SourceDate "2013.11.29"]

1. e4 c6 2. d4 d5 3. e5 Bf5 4. Nf3 e6 5. a3 c5 6. c3 Nc6 7. Bb5 Qb6 8. Ba4 c4
9. Bc2 Bxc2 10. Qxc2 Nge7 11. Nbd2 Na5 12. Rb1 Nec6 13. O-O Qc7 14. Re1 Be7 15.
Nf1 h6 16. Ng3 g6 17. Be3 Nb3 18. Qe2 b5 19. Nf1 a6 20. N1d2 Nba5 21. Nf1 Na7
22. N3d2 Nc8 23. Rec1 Nb6 24. f4 Kd7 25. Ra1 h5 26. Qd1 h4 27. b4 cxb3 28. Nxb3
Nac4 29. Bf2 Na4 30. Nc5+ Nxc5 31. dxc5 Bxc5 32. Bd4 Qb6 33. a4 Bxd4+ 34. cxd4
b4 35. a5 Nxa5 36. Qa4+ Nc6 37. Rc5 Rhc8 38. Rac1 Rc7 39. Nd2 Rac8 40. Nb3 Kd8
41. Kf1 Nxd4 42. Rxc7 Rxc7 43. Rxc7 Kxc7 44. Nxd4 Qxd4 45. Qxa6 Qc4+ 0-1

[Event "Benidorm 2013 - Torneo sub2000"]
[Site "Benidorm ESP"]
[Date "2013.12.03"]
[Round "6.14"]
[White "Cardenas, Fernando Adrian"]
[Black "Cruz Fiallos, Hamilton Tarley"]
[Result "1/2-1/2"]
[WhiteElo "1959"]
[BlackElo "1876"]
[PlyCount "140"]
[EventDate "2013.11.29"]
[EventRounds "10"]
[EventCountry "ESP"]
[Source "lmi"]
[SourceDate "2013.11.29"]

1. Nf3 Nf6 2. d4 g6 3. c4 Bg7 4. g3 O-O 5. Bg2 c5 6. O-O cxd4 7. Nxd4 Nc6 8.
Nc2 d6 9. Nc3 Be6 10. Ne3 Rc8 11. Bd2 Qd7 12. Re1 Bh3 13. Bf3 Ne5 14. Qb3 Nxf3+
15. exf3 e6 16. Qa3 Qc6 17. Ne2 Qxf3 18. Nf4 Bf5 19. Nxf5 Qxa3 20. Ne7+ Kh8 21.
bxa3 Rc7 22. Bb4 Ne8 23. Rad1 Rxe7 24. c5 Rd7 25. cxd6 Nf6 26. Nd3 a5 27. Bc5
Rc8 28. a4 Ne8 29. Ne5 Bxe5 30. Rxe5 Rc6 31. Ba3 b6 32. Re3 Kg8 33. Red3 f6 34.
Kf1 Kf7 35. Ke2 e5 36. Rb1 Nxd6 37. Rbd1 Ke6 38. R1d2 f5 39. Rd5 g5 40. Bb2 e4
41. Re5+ Kf7 42. Red5 Ke6 43. Re5+ Kf7 44. Ba3 Re7 45. Bxd6 Rxd6 46. Rxf5+ Ke6
47. Rf6+ Kxf6 48. Rxd6+ Re6 49. Rd7 h5 50. Ke3 Rc6 51. Kxe4 Rc2 52. Rd6+ Kg7
53. Ke3 Rxa2 54. Rd7+ Kf6 55. Rd6+ Kf5 56. Rd5+ Kg4 57. h3+ Kxh3 58. Rxg5 Ra3+
59. Ke2 Rxa4 60. Rxh5+ Kg2 61. Rb5 Ra1 62. Rxb6 Ra2+ 63. Ke3 Rxf2 64. g4 a4 65.
Ra6 a3 66. Ke4 a2 67. g5 Kh3 68. g6 Rf6 69. Rxa2 Rxg6 70. Kf3 Rf6+ 1/2-1/2

[Event "Benidorm 2013 - Torneo sub2000"]
[Site "Benidorm ESP"]
[Date "2013.12.03"]
[Round "6.15"]
[White "Raimundo Medina, Fermin"]
[Black "Denisik, Sergei"]
[Result "0-1"]
[WhiteElo "1735"]
[BlackElo "1956"]
[PlyCount "97"]
[EventDate "2013.11.29"]
[EventRounds "10"]
[EventCountry "ESP"]
[Source "lmi"]
[SourceDate "2013.11.29"]

1. e4 e5 2. Nf3 Nc6 3. Bb5 a6 4. Ba4 Nf6 5. O-O Nxe4 6. d4 b5 7. Bb3 d5 8. dxe5
Be6 9. Nbd2 Bc5 10. Qe2 Nxd2 11. Bxd2 O-O 12. c3 Na5 13. Bc2 Be7 14. Qd3 g6 15.
Nd4 Nc4 16. Nc6 Qd7 17. Nxe7+ Qxe7 18. Bh6 Rfe8 19. Qg3 Qd7 20. f4 Bf5 21. Qh4
Qe6 22. Bg5 Bxc2 23. Bf6 Ne3 24. Rf3 Nf5 25. Qg5 h6 26. Rh3 Qb6+ 27. Kh1 Re6
28. Rxh6 Nxh6 29. Qxh6 Rxf6 30. exf6 Qxf6 31. Re1 Be4 32. Re3 Re8 33. Rh3 Qg7
34. Qg5 Bf5 35. g4 Be4+ 36. Kg1 d4 37. f5 gxf5 38. Qxg7+ Kxg7 39. cxd4 fxg4 40.
Rg3 f5 41. h3 Kf6 42. hxg4 Rg8 43. Kf2 Rxg4 44. Rh3 Rg2+ 45. Ke3 Rxb2 46. Rh6+
Kg5 47. Rxa6 Bd5 48. a3 f4+ 49. Kd3 0-1

[Event "Benidorm 2013 - Torneo sub2000"]
[Site "Benidorm ESP"]
[Date "2013.12.03"]
[Round "6.20"]
[White "Buiza Prieto, Aizbeltz"]
[Black "Trabazos Gallego, Javier"]
[Result "1-0"]
[WhiteElo "1996"]
[BlackElo "1881"]
[PlyCount "51"]
[EventDate "2013.11.29"]
[EventRounds "10"]
[EventCountry "ESP"]
[Source "lmi"]
[SourceDate "2013.11.29"]

1. e4 d5 2. exd5 Nf6 3. d4 Nxd5 4. Nf3 g6 5. c4 Nb6 6. Nc3 Bg7 7. c5 Nd5 8. Bc4
Nxc3 9. bxc3 O-O 10. O-O Bg4 11. h3 Bf5 12. Re1 Nc6 13. Bg5 h6 14. Bf4 Kh7 15.
Nh4 Bc8 16. Nf3 Na5 17. Bd3 b6 18. cxb6 cxb6 19. Qe2 e6 20. Ne5 Bb7 21. Qg4 Qe8
22. Nxg6 Rg8 23. Ne7+ Kh8 24. Nxg8 Qxg8 25. Qh5 Bf8 26. Be5+ 1-0

[Event "Benidorm 2013 - Torneo sub2000"]
[Site "Benidorm ESP"]
[Date "2013.12.03"]
[Round "6.21"]
[White "Paya Prats, Damian"]
[Black "Gillespie, Gary"]
[Result "1-0"]
[WhiteElo "1994"]
[BlackElo "1877"]
[PlyCount "66"]
[EventDate "2013.11.29"]
[EventRounds "10"]
[EventCountry "ESP"]
[Source "lmi"]
[SourceDate "2013.11.29"]

1. d4 Nf6 2. c4 g6 3. Nc3 Bg7 4. e4 d6 5. f4 O-O 6. Be2 c5 7. d5 e6 8. Nf3 exd5
9. cxd5 Re8 10. Nd2 a6 11. a4 b6 12. O-O Ra7 13. Bf3 Rae7 14. Nc4 Nxe4 15. Nxe4
Rxe4 16. Bxe4 Rxe4 17. Qb3 Qe7 18. Bd2 Bb7 19. Nxb6 Re2 20. Rae1 Bd4+ 21. Kh1
Nd7 22. Nxd7 Rxe1 23. Rxe1 Qxd7 24. Bc3 Bxc3 25. bxc3 Kg7 26. c4 Bc8 27. Qb2+
f6 28. Re6 Qxa4 29. Re7+ Kh6 30. Qc1 Qa5 31. f5+ g5 32. g4 Qd8 33. Qe3 Bd7 1-0

[Event "Benidorm 2013 - Torneo sub2000"]
[Site "Benidorm ESP"]
[Date "2013.12.03"]
[Round "6.22"]
[White "Garcia Martinez, Marcos"]
[Black "Portillo Castellon, Javier"]
[Result "1/2-1/2"]
[WhiteElo "1984"]
[BlackElo "1877"]
[PlyCount "59"]
[EventDate "2013.11.29"]
[EventRounds "10"]
[EventCountry "ESP"]
[Source "lmi"]
[SourceDate "2013.11.29"]

1. d4 d5 2. g3 Nf6 3. Nf3 e6 4. c4 dxc4 5. Qa4+ Nbd7 6. Qxc4 a6 7. Bg2 c5 8.
dxc5 Bxc5 9. b4 Be7 10. Bb2 b5 11. Qb3 Bb7 12. Nc3 O-O 13. O-O Nb6 14. Rfd1 Qc7
15. Rac1 Nc4 16. Ba1 Rfd8 17. Rd3 Rxd3 18. exd3 Bxf3 19. Bxf3 Nd2 20. Qd1 Nxf3+
21. Qxf3 Rd8 22. a3 a5 23. Bb2 axb4 24. Nd5 Qd7 25. Nxe7+ Qxe7 26. axb4 Nd5 27.
Rc5 Qd7 28. h4 f6 29. Qe4 e5 30. Bc3 1/2-1/2

[Event "Benidorm 2013 - Torneo sub2000"]
[Site "Benidorm ESP"]
[Date "2013.12.03"]
[Round "6.50"]
[White "Sevillano Leal, Julio"]
[Black "Sanz Bastos, Fernando"]
[Result "0-1"]
[WhiteElo "1800"]
[BlackElo "1954"]
[PlyCount "40"]
[EventDate "2013.11.29"]
[EventRounds "10"]
[EventCountry "ESP"]
[Source "lmi"]
[SourceDate "2013.11.29"]

1. e4 e5 2. Nf3 Nc6 3. Bb5 Bc5 4. c3 Nf6 5. O-O O-O 6. d4 Bb6 7. Bg5 h6 8. Bh4
d6 9. Bxc6 bxc6 10. dxe5 dxe5 11. Qxd8 Rxd8 12. Nxe5 g5 13. Bg3 Nxe4 14. Nxc6
Re8 15. a4 Nxg3 16. hxg3 Ba6 17. Rd1 Re2 18. Nd4 Rxb2 19. Nd2 Bxd4 20. cxd4 Be2
0-1

[Event "Benidorm 2013 - Torneo sub2000"]
[Site "Benidorm ESP"]
[Date "2013.12.03"]
[Round "6.52"]
[White "Rios Torondell, Jaume"]
[Black "Amat Cerda, Andres"]
[Result "1-0"]
[WhiteElo "1950"]
[BlackElo "1783"]
[PlyCount "51"]
[EventDate "2013.11.29"]
[EventRounds "10"]
[EventCountry "ESP"]
[Source "lmi"]
[SourceDate "2013.11.29"]

1. e4 g6 2. d4 c6 3. Nf3 Bg7 4. Nc3 d5 5. Be2 dxe4 6. Nxe4 Bf5 7. Ng3 h5 8.
Nxf5 Qa5+ 9. Bd2 Qxf5 10. O-O Nf6 11. Bd3 Qc8 12. Re1 Qc7 13. Bg5 Nbd7 14. Qe2
Bf8 15. c4 O-O-O 16. b4 e6 17. Ne5 Be7 18. Bxf6 Nxf6 19. Nxf7 Ng4 20. g3 Bxb4
21. Nxd8 Bxe1 22. Qxe6+ Kb8 23. Nxc6+ Qxc6 24. Rxe1 Qf3 25. Qe2 Qf6 26. h3 1-0

[Event "Benidorm 2013 - Torneo sub2000"]
[Site "Benidorm ESP"]
[Date "2013.12.03"]
[Round "6.53"]
[White "Allabatre, Steeve"]
[Black "Yanez Acin, Gonzalo"]
[Result "1-0"]
[WhiteElo "1923"]
[BlackElo "1768"]
[PlyCount "43"]
[EventDate "2013.11.29"]
[EventRounds "10"]
[EventCountry "ESP"]
[Source "lmi"]
[SourceDate "2013.11.29"]

1. d4 Nf6 2. c4 e5 3. dxe5 Ng4 4. Nf3 Bc5 5. e3 Nc6 6. Be2 Ngxe5 7. Nxe5 Nxe5
8. a3 a5 9. Nc3 O-O 10. O-O d6 11. Qc2 Bg4 12. Bxg4 Nxg4 13. Qe4 Qc8 14. Nd5
Re8 15. Qe7 Qd8 16. Qxc7 Qh4 17. h3 Ne5 18. b3 Nf3+ 19. Kh1 Ng5 20. Qd7 Re6 21.
Nf4 Rh6 22. g3 1-0

[Event "Benidorm 2013 - Torneo sub2000"]
[Site "Benidorm ESP"]
[Date "2013.12.03"]
[Round "6.80"]
[White "Galiana Fernandez, Adrian"]
[Black "Nazarov, Alexander"]
[Result "0-1"]
[WhiteElo "1729"]
[BlackElo "1873"]
[PlyCount "60"]
[EventDate "2013.11.29"]
[EventRounds "10"]
[EventCountry "ESP"]
[Source "lmi"]
[SourceDate "2013.11.29"]

1. e4 d6 2. d4 b6 3. Nc3 Nf6 4. f3 e6 5. Be3 Be7 6. Qd2 c5 7. Bb5+ Bd7 8. Bxd7+
Nbxd7 9. Nge2 a6 10. O-O-O Qc7 11. g4 cxd4 12. Bxd4 Ne5 13. Bxe5 dxe5 14. Ng3
h5 15. gxh5 Nxh5 16. Nxh5 Rxh5 17. Rhg1 g6 18. Qe2 b5 19. a3 Bg5+ 20. Kb1 Bf4
21. Rg2 Ke7 22. Qf2 Re8 23. Rd3 Qc6 24. Qf1 Rxh2 25. Rxh2 Bxh2 26. Qh3 Bf4 27.
Qh4+ g5 28. Qg4 Rh8 29. Ne2 Rh1+ 30. Ka2 Qc4+ 0-1

[Event "Benidorm 2013 - Torneo sub2000"]
[Site "Benidorm ESP"]
[Date "2013.12.03"]
[Round "6.92"]
[White "Capote Robayna, Nayeli"]
[Black "Todic, Simo"]
[Result "0-1"]
[WhiteElo "1612"]
[BlackElo "1833"]
[PlyCount "46"]
[EventDate "2013.11.29"]
[EventRounds "10"]
[EventCountry "ESP"]
[Source "lmi"]
[SourceDate "2013.11.29"]

1. e4 c5 2. Nf3 Nc6 3. c3 d5 4. exd5 Qxd5 5. d4 Bg4 6. Be2 Qh5 7. Be3 e6 8. Na3
Nf6 9. Qb3 Rb8 10. Bf4 e5 11. dxe5 Qf5 12. exf6 Qxf4 13. fxg7 Bxg7 14. O-O O-O
15. Kh1 Rfe8 16. Qc4 Re4 17. Qd3 Rd8 18. Qc2 Rde8 19. Rae1 Bxf3 20. gxf3 Rxe2
21. Rxe2 Qxf3+ 22. Kg1 Rxe2 23. Qa4 Re4 0-1

[Event "Benidorm 2013 - Torneo sub2000"]
[Site "Benidorm ESP"]
[Date "2013.12.03"]
[Round "6.131"]
[White "Estefano Rilova, Fernando"]
[Black "Steigum, Erling"]
[Result "1/2-1/2"]
[WhiteElo "1534"]
[BlackElo "1927"]
[PlyCount "32"]
[EventDate "2013.11.29"]
[EventRounds "10"]
[EventCountry "ESP"]
[Source "lmi"]
[SourceDate "2013.11.29"]

1. e4 c5 2. Nc3 Nc6 3. Nf3 e6 4. Be2 Nf6 5. O-O d5 6. exd5 exd5 7. Re1 Be7 8.
d4 O-O 9. Bg5 Be6 10. Bb5 Qb6 11. Bxc6 Qxc6 12. dxc5 Qxc5 13. h3 Rfe8 14. Nd4
Ne4 15. Bxe7 Rxe7 16. Nxe4 dxe4 1/2-1/2

[Event "Benidorm 2013 - Torneo sub2000"]
[Site "Benidorm ESP"]
[Date "2013.12.03"]
[Round "6.132"]
[White "Pasaron Martinez, Francisco"]
[Black "Van Heuverbeke, Paul"]
[Result "0-1"]
[WhiteElo "1523"]
[BlackElo "1843"]
[PlyCount "25"]
[EventDate "2013.11.29"]
[EventRounds "10"]
[EventCountry "ESP"]
[Source "lmi"]
[SourceDate "2013.11.29"]

1. e4 d5 2. exd5 Nf6 3. c4 e6 4. dxe6 Bxe6 5. Nc3 Bc5 6. Nf3 O-O 7. d4 Bb4 8.
Bd2 Re8 9. Ne5 Qxd4 10. f4 Nc6 11. Nb5 Qxf4 12. Nxc6 bxc6 13. Be2 0-1

[Event "Benidorm 2013 - Torneo sub2000"]
[Site "Benidorm ESP"]
[Date "2013.12.03"]
[Round "6.135"]
[White "Perez Gisbert, Santiago"]
[Black "Nieto Perez, Mario"]
[Result "1-0"]
[WhiteElo "1762"]
[BlackElo "1540"]
[PlyCount "57"]
[EventDate "2013.11.29"]
[EventRounds "10"]
[EventCountry "ESP"]
[Source "lmi"]
[SourceDate "2013.11.29"]

1. e4 e5 2. Nf3 Nc6 3. Bb5 a6 4. Ba4 b5 5. Bb3 Bc5 6. O-O Nf6 7. c3 Nxe4 8. d4
exd4 9. cxd4 Be7 10. d5 Nb8 11. Re1 Nc5 12. Qe2 d6 13. Nd4 Bb7 14. Nf5 O-O 15.
Nxe7+ Kh8 16. Bc2 Re8 17. Ng6+ hxg6 18. Qxe8+ Qxe8 19. Rxe8+ Kh7 20. Nc3 Nbd7
21. Rxa8 Bxa8 22. b4 Na4 23. Nxa4 bxa4 24. Bxa4 Ne5 25. f4 Nd3 26. Bc6 Bxc6 27.
dxc6 Nxb4 28. Bd2 Nxc6 29. Rc1 1-0

[Event "Benidorm 2013 - Torneo sub2000"]
[Site "Benidorm ESP"]
[Date "2013.12.03"]
[Round "6.147"]
[White "Pozuelo Yvancos, Enrique"]
[Black "Jara Garcia, Antonio"]
[Result "1-0"]
[WhiteElo "1716"]
[BlackElo "1418"]
[PlyCount "43"]
[EventDate "2013.11.29"]
[EventRounds "10"]
[EventCountry "ESP"]
[Source "lmi"]
[SourceDate "2013.11.29"]

1. d4 d5 2. c4 e6 3. Nc3 Nf6 4. Nf3 Be7 5. e3 O-O 6. Bd3 b6 7. cxd5 exd5 8. O-O
Bb7 9. Qc2 Nbd7 10. Ne5 Rc8 11. f4 c5 12. Nxd7 Nxd7 13. Bxh7+ Kh8 14. Rf3 Nf6
15. Bf5 Rc7 16. Rh3+ Kg8 17. Qf2 Bc8 18. Bxc8 Nh7 19. Bf5 g6 20. Qg3 Rc6 21.
Bd3 cxd4 22. exd4 1-0

[Event "Benidorm 2013 - Torneo sub2000"]
[Site "Benidorm ESP"]
[Date "2013.12.04"]
[Round "7.1"]
[White "Aliyev, Ravan Azar"]
[Black "Rizza, Francesco"]
[Result "0-1"]
[WhiteElo "1956"]
[BlackElo "1998"]
[PlyCount "74"]
[EventDate "2013.11.29"]
[EventRounds "10"]
[EventCountry "ESP"]
[Source "lmi"]
[SourceDate "2013.11.29"]

1. g3 Nf6 2. Bg2 c5 3. d3 Nc6 4. e4 d6 5. Ne2 g6 6. Nd2 Bg7 7. f4 Bd7 8. Nf3 c4
9. h3 Qb6 10. g4 Nb4 11. a3 cxd3 12. cxd3 Qa6 13. axb4 Qxa1 14. O-O Qa4 15. Qe1
O-O 16. g5 Ne8 17. d4 Nc7 18. Ng3 a5 19. bxa5 Qxa5 20. Qf2 d5 21. e5 e6 22. Nh2
Rfc8 23. Ng4 Ne8 24. Nf6+ Nxf6 25. gxf6 Bf8 26. h4 Bb5 27. Rd1 Qb4 28. Be3 Ra2
29. Rd2 Rc1+ 30. Kh2 Rb1 31. b3 Rxd2 32. Bxd2 Rb2 33. Bxb4 Rxf2 34. Be7 Rd2 35.
h5 Rxd4 36. hxg6 hxg6 37. f5 gxf5 0-1

[Event "Benidorm 2013 - Torneo sub2000"]
[Site "Benidorm ESP"]
[Date "2013.12.04"]
[Round "7.2"]
[White "Del Mastro, Marco"]
[Black "Cebrian Flores, Juan Antonio"]
[Result "1/2-1/2"]
[WhiteElo "1944"]
[BlackElo "1955"]
[PlyCount "99"]
[EventDate "2013.11.29"]
[EventRounds "10"]
[EventCountry "ESP"]
[Source "lmi"]
[SourceDate "2013.11.29"]

1. e4 c5 2. c3 Nf6 3. e5 Nd5 4. g3 d6 5. exd6 Qxd6 6. Bg2 Bf5 7. d4 e6 8. Ne2
Nc6 9. Na3 Be7 10. O-O O-O 11. Nf4 Nf6 12. Nc4 Qd8 13. Ne5 Rc8 14. Nxc6 bxc6
15. Qa4 Qb6 16. dxc5 Bxc5 17. b4 Be7 18. a3 c5 19. h3 cxb4 20. Be3 Bc5 21. Bxc5
Rxc5 22. cxb4 Rc7 23. Rfc1 Rxc1+ 24. Rxc1 Ne4 25. Bxe4 Bxe4 26. Ng2 Ba8 27. Qd7
Qa6 28. Ne3 Qxa3 29. Rc8 Qxb4 30. Rxf8+ Qxf8 31. Qxa7 Qc8 32. Kh2 h6 33. Qb6
Be4 34. Qd4 Ba8 35. Qb6 Qb7 36. Qxb7 Bxb7 37. g4 Kh7 38. Kg3 Kg6 39. Kf4 Kf6
40. Nc4 Bd5 41. Ne3 g5+ 42. Kg3 Ke5 43. h4 f5 44. gxf5 exf5 45. hxg5 hxg5 46.
Nd1 Kd4 47. f3 Kd3 48. f4 g4 49. Nf2+ Ke3 50. Nxg4+ 1/2-1/2

[Event "Benidorm 2013 - Torneo sub2000"]
[Site "Benidorm ESP"]
[Date "2013.12.04"]
[Round "7.3"]
[White "Gambini, Stephane"]
[Black "Blesa Fernandez, Francisco"]
[Result "1/2-1/2"]
[WhiteElo "1975"]
[BlackElo "1978"]
[PlyCount "37"]
[EventDate "2013.11.29"]
[EventRounds "10"]
[EventCountry "ESP"]
[Source "lmi"]
[SourceDate "2013.11.29"]

1. c4 c6 2. Nc3 d5 3. cxd5 cxd5 4. d4 Nf6 5. Nf3 Nc6 6. Bf4 a6 7. e3 Bg4 8. Be2
e6 9. Qb3 Bxf3 10. Bxf3 Na5 11. Qc2 Rc8 12. O-O Bd6 13. Bxd6 Qxd6 14. Qa4+ Nc6
15. Rac1 O-O 16. a3 Nd7 17. Be2 Nb6 18. Qc2 Na5 19. Rfd1 1/2-1/2

[Event "Benidorm 2013 - Torneo sub2000"]
[Site "Benidorm ESP"]
[Date "2013.12.04"]
[Round "7.4"]
[White "Pol Guiscafre, David"]
[Black "Elmas, Mustafa"]
[Result "0-1"]
[WhiteElo "1997"]
[BlackElo "1949"]
[PlyCount "110"]
[EventDate "2013.11.29"]
[EventRounds "10"]
[EventCountry "ESP"]
[Source "lmi"]
[SourceDate "2013.11.29"]

1. e4 c5 2. Nf3 Nc6 3. d4 cxd4 4. Nxd4 e6 5. Nb5 d6 6. c4 a6 7. N5c3 Nf6 8. Be3
Be7 9. Be2 O-O 10. O-O Bd7 11. f4 Qc7 12. Nd2 Rab8 13. Rb1 b6 14. b4 Na7 15. a4
b5 16. a5 bxc4 17. Bxc4 Nb5 18. Nxb5 Bxb5 19. Bb6 Qc6 20. Rc1 Rbc8 21. Re1 Bxc4
22. Rxc4 Qb5 23. Rxc8 Rxc8 24. Qb3 d5 25. e5 Nd7 26. Be3 Qxb4 27. Rb1 Qxa5 28.
Qb7 Rd8 29. Nb3 Qc3 30. Bd2 Qd3 31. Rc1 Bc5+ 32. Nxc5 Qxd2 33. Nb3 Qe3+ 34. Kh1
Qb6 35. Rc7 Qf2 36. h3 Qf1+ 37. Kh2 Qxf4+ 38. Kg1 Qe3+ 39. Kh1 Qe1+ 40. Kh2
Qxe5+ 41. Kh1 Qd6 42. Na5 Ne5 43. Nc6 Rf8 44. Ne7+ Kh8 45. Rc8 Ng6 46. Rc7 Nxe7
47. Rxe7 Kg8 48. Rd7 Qa3 49. Qc6 g6 50. Ra7 Qa1+ 51. Kh2 a5 52. Qb5 Qe5+ 53.
Kh1 Rc8 54. Qb1 Qe3 55. Rxf7 Rc1+ 0-1